Wavelets in intelligent transportation systems

Bibliographic Details
Main Author: Adeli, Hojjat
Format: Book
Published: Chichester : John Wiley & Sons , 2005
Subjects:

MARC

LEADER 00000cam a2200000 7i4500
001 0000019156
005 20070521.0
020 |a 0470867426 
040 |a INS 
090 0 0 |a TE228.3   |b A34 2005 
100 0 |a Adeli, Hojjat 
245 1 0 |a Wavelets in intelligent transportation systems   |c Hojjat Adeli, Asim Karim 
260 |a Chichester :   |b John Wiley & Sons ,   |c 2005 
300 |a xviii, 224 p. :   |b ill. ;   |c 24 cm. 
500 |a Includes references and index 
650 0 0 |a Intelligent Vehicle Highway Systems 
650 0 0 |a Wavelets (Mathematics) 
999 |a 0000018501   |b BOOK   |c Open Shelf   |e Default branch